Dvojité jubileum

Podrobná bibliografia
Hlavný autor: Kičová, K. (Autor)
Médium: Článok
Jazyk:slovenčina
Fyzický popis:Obr. 1.
Predmet:

MARC

LEADER 00000nab a2200000 a 4500
001 vtls000015178
003 SK-MaSNL
005 20260303021033.0
008 160211c1978 xo 0 slo
015 |a SNBRB19rr/mm-uuuuu 
035 |a CL0025272 
040 |a SNKBUCL  |b slo  |c SNKBUCL  |e AACR2 
041 0 |a slo 
044 |a xo  |c SK 
080 |a 78  |2 1981 
080 |a 92 Piussi, Július  |2 1981 
100 1 |a Kičová, K.  |4 aut  |9 943699 
245 1 0 |a Dvojité jubileum  |c K. Kičová 
300 |b Obr. 1. 
600 1 7 |a Piussi, Július,  |d 1923-1997  |2 snkbucl  |9 167241 
655 7 |a články z novín a časopisov  |2 snkbucl  |9 267496 
773 0 |t Východoslovenské noviny  |g Roč. 27, č. 284 (1. 12. 1978), s. 4 
850 |a Slovenská národná knižnica v Martine  |a MTA001 
852 |a SNK  |b KIS3GCP 
958 |a RK 
992 |a RBX 
999 |c 1621094  |d 1623024